[Event "2. Jäklechemie Winter-Open"]
[Site "Nürnberg"]
[Date "2022.11.20"]
[Round "4.1"]
[White "Bruss, Robert"]
[Black "Ulusoy, Tolga"]
[Result "1-0"]
[WhiteElo "1872"]
[BlackElo "2033"]
[PlyCount "75"]
[EventDate "2022.??.??"]
[WhiteTeam "SV Altensittenbach"]
[BlackTeam "SC Noris-Tarrasch Nürnberg 1873"]

1. d4 f5 2. Bg5 g6 3. Nc3 Bg7 4. e3 Nf6 5. h4 h6 6. Bxf6 Bxf6 7. Bd3 d5 8. g4
e6 9. Qf3 Nc6 10. h5 g5 11. gxf5 O-O 12. Qg2 Nb4 13. Nge2 exf5 14. Nf4 c6 15.
O-O-O Nxd3+ 16. Rxd3 Kh7 17. Ng6 Re8 18. f3 Be6 19. e4 dxe4 20. fxe4 Bc4 21.
Qf3 f4 22. e5 Bg7 23. Rdd1 Kg8 24. Rhe1 Qd7 25. Ne4 Be6 26. Nd6 Bg4 27. Qb3+
Re6 28. Nxb7 Qd5 29. c4 Bxd1 30. Rxd1 Qg2 31. Qd3 Rb8 32. Qf5 Rxg6 33. hxg6 f3
34. Qf7+ Kh8 35. e6 Rf8 36. e7 Rxf7 37. gxf7 Bxd4 38. e8=Q+ 1-0

[Event "2. JÃ¤klechemie Winter-Open"]
[Site "NÃ¼rnberg"]
[Date "2022.11.20"]
[Round "4.3"]
[White "Bachhuber, Dominik"]
[Black "MÃ¶nius, Alexander"]
[Result "1-0"]
[WhiteElo "1891"]
[BlackElo "1903"]
[PlyCount "125"]
[EventDate "2022.??.??"]

1. e4 c5 2. Nf3 d6 3. Bb5+ Nd7 4. a4 Ngf6 5. Nc3 a6 6. Be2 e5 7. Bc4 Nb6 8. Ba2
Be6 9. d3 Be7 10. a5 Bxa2 11. Rxa2 Nc8 12. Bg5 Nd7 13. Bxe7 Nxe7 14. Nd2 O-O
15. Nc4 Qc7 16. Na4 d5 17. Ncb6 Nxb6 18. Nxb6 Rad8 19. Qe2 dxe4 20. dxe4 Qc6
21. c3 f5 22. Nc4 Ng6 23. O-O fxe4 24. Raa1 Nf4 25. Qe3 Qd5 26. Nb6 Qd2 27.
Qxe4 Qxb2 28. Qxe5 Nd3 29. Nc4 Qb5 30. Qe6+ Kh8 31. Rab1 Qd7 32. Qxd7 Rxd7 33.
Rbd1 Rfd8 34. g3 Kg8 35. f4 Ne5 36. Rxd7 Nxd7 37. Rd1 Kf8 38. Kf2 Ke7 39. Nd6
Rb8 40. Nf5+ Kf6 41. Rxd7 Kxf5 42. Rxg7 h6 43. Rc7 b6 44. Kf3 h5 45. h3 Rd8 46.
g4+ hxg4+ 47. hxg4+ Ke6 48. f5+ Kd6 49. axb6 Rb8 50. Rh7 a5 51. Kf4 a4 52. g5
Rxb6 53. Ra7 Rb3 54. g6 Rxc3 55. g7 Rc4+ 56. Kf3 Rc3+ 57. Kg2 Rc2+ 58. Kh3 Rc3+
59. Kh4 Rc1 60. Ra6+ Ke7 61. Rg6 Rh1+ 62. Kg3 Rg1+ 63. Kf2 1-0

[Event "2. JÃ¤klechemie Winter-Open"]
[Site "NÃ¼rnberg"]
[Date "2022.11.20"]
[Round "4.4"]
[White "Luther, Helmut"]
[Black "Bauer, Laura Sophie"]
[Result "0-1"]
[WhiteElo "2007"]
[BlackElo "1388"]
[PlyCount "76"]
[EventDate "2022.??.??"]

1. d4 d5 2. Nf3 Nf6 3. Bg5 e6 4. e3 Be7 5. Bd3 h6 6. Bh4 O-O 7. Nbd2 b6 8. Ne5
Bb7 9. O-O Nbd7 10. f4 c5 11. c3 Ne4 12. Bxe7 Qxe7 13. Rf3 Ndf6 14. Rh3 Rac8
15. Ndf3 h5 16. Ng5 g6 17. Nxe4 dxe4 18. Be2 Kg7 19. Qe1 Rh8 20. Qg3 Rcd8 21.
Rf1 Kf8 22. Qg5 Nd7 23. Qg3 Nf6 24. Qh4 Nd7 25. g4 Nxe5 26. dxe5 Qxh4 27. Rxh4
Rd2 28. Rf2 Rxb2 29. f5 Ke7 30. fxg6 fxg6 31. gxh5 gxh5 32. Bxh5 Rxf2 33. Kxf2
Bc6 34. Kg3 Rg8+ 35. Rg4 Kf8 36. Rxg8+ Kxg8 37. Bd1 Bd5 38. a3 Kg7 0-1

[Event "2. Jäklechemie Winter-Open"]
[Site "Nürnberg"]
[Date "2022.11.20"]
[Round "4.5"]
[White "Braun, Kristin"]
[Black "Weißmann, Peter"]
[Result "1-0"]
[WhiteElo "1886"]
[BlackElo "1711"]
[PlyCount "129"]
[EventDate "2022.??.??"]
[WhiteTeam "SC JÄKLECHEMIE Talente Franken e"]
[BlackTeam "SGem 1882 Fürth"]

1. e4 c5 2. Nc3 Nc6 3. g3 g6 4. Bg2 Bg7 5. d3 d6 6. Be3 Nf6 7. Qc1 Ng4 8. Bd2
O-O 9. h3 Nf6 10. Bh6 Nd4 11. Bxg7 Kxg7 12. Nce2 e5 13. c3 Qa5 14. Qd1 Ne6 15.
Nf3 Bd7 16. O-O Qb6 17. Qb3 Qxb3 18. axb3 a5 19. Nd2 Bb5 20. Nc4 Bxc4 21. dxc4
Ng5 22. f3 Ra6 23. Rfd1 Rd8 24. Nc1 Ne8 25. Nd3 Ne6 26. f4 exf4 27. gxf4 Rb8
28. Ra3 b5 29. cxb5 Rxb5 30. Bf1 Rab6 31. Nc1 Nxf4 32. Bxb5 Rxb5 33. Kh2 Nf6
34. Ra4 c4 35. Rf1 Nd3 36. Nxd3 cxd3 37. Rd1 Rxb3 38. Rd2 d5 39. exd5 Nxd5 40.
Rxa5 Nf4 41. Ra3 Rb5 42. Ra4 g5 43. b4 Re5 44. Ra5 f6 45. Rxe5 fxe5 46. Kg3 e4
47. Kf2 Kf6 48. Ke3 Ke5 49. c4 h5 50. Ra2 g4 51. hxg4 hxg4 52. Ra8 Ng2+ 53. Kf2
Kd4 54. c5 Nf4 55. Rd8+ Nd5 56. c6 e3+ 57. Kf1 d2 58. Ke2 g3 59. c7 d1=Q+ 60.
Kxd1 g2 61. c8=Q g1=Q+ 62. Kc2 Qg6+ 63. Kb2 Qg2+ 64. Kb3 Qg5 65. Qc4+ 1-0

[Event "2. JÃ¤klechemie Winter-Open"]
[Site "NÃ¼rnberg"]
[Date "2022.11.20"]
[Round "4.6"]
[White "Oram, Thomas"]
[Black "Deschler, Arne"]
[Result "1-0"]
[WhiteElo "1632"]
[BlackElo "1717"]
[PlyCount "75"]
[EventDate "2022.??.??"]

1. e4 c6 2. c4 d5 3. e5 Bf5 4. d4 e6 5. Nf3 Ne7 6. Nc3 Nd7 7. Be3 Bg6 8. Nh4
Nf5 9. Nxf5 Bxf5 10. h4 h6 11. Rc1 Be7 12. h5 O-O 13. g4 Bh7 14. Qd2 f6 15. f4
fxe5 16. dxe5 Bh4+ 17. Kd1 Rf7 18. g5 hxg5 19. fxg5 Be4 20. Nxe4 dxe4 21. Kc2
Bg3 22. Bh3 Qe7 23. g6 Rf3 24. Bg4 Nxe5 25. Bxf3 Nxf3 26. Qg2 Qc7 27. Qh3 Re8
28. h6 gxh6 29. Bxh6 Be5 30. Rcf1 Qd8 31. Rd1 Qe7 32. Qg4 Nd4+ 33. Kb1 Qc5 34.
Qxe4 Re7 35. Be3 Rd7 36. Rh4 Qd6 37. Bxd4 c5 38. Qxe5 1-0

[Event "2. Jäklechemie Winter-Open"]
[Site "Nürnberg"]
[Date "2022.11.20"]
[Round "4.7"]
[White "Loayza, Ignacio"]
[Black "Junge, Fabian"]
[Result "1-0"]
[WhiteElo "1533"]
[BlackElo "1581"]
[PlyCount "31"]
[EventDate "2022.??.??"]
[WhiteTeam "USG Chemnitz"]
[BlackTeam "SK Marburg 1931/72"]

1. d4 d5 2. c4 e6 3. Nc3 Nf6 4. e3 Nbd7 5. Nf3 c6 6. b3 Bb4 7. Bd2 b6 8. a3 Bd6
9. b4 Ba6 10. cxd5 Bxf1 11. dxe6 Bxg2 12. exd7+ Qxd7 13. Rg1 Bxf3 14. Qxf3 O-O
15. Qxf6 Bxh2 16. Qxg7# 1-0

[Event "2. Jäklechemie Winter-Open"]
[Site "Nürnberg"]
[Date "2022.11.20"]
[Round "4.9"]
[White "Fridlin, Daniel"]
[Black "Albayrak, Aylin"]
[Result "0-1"]
[WhiteElo "1455"]
[BlackElo "1660"]
[PlyCount "86"]
[EventDate "2022.??.??"]
[WhiteTeam "SV Lauf a.d.P."]
[BlackTeam "SC Noris-Tarrasch Nürnberg 1873"]

1. e4 c5 2. Nf3 Nc6 3. d4 cxd4 4. Nxd4 Nf6 5. Nc3 d6 6. Be3 e6 7. f3 h5 8. Qd2
Be7 9. Be2 a6 10. h3 d5 11. O-O-O dxe4 12. Nxe4 Nxe4 13. fxe4 Qc7 14. g4 h4 15.
Rhf1 b5 16. Nxc6 Qxc6 17. Qd4 O-O 18. Bf3 Qc7 19. e5 Rb8 20. Qf4 Bb7 21. g5
Rbc8 22. c3 b4 23. Bxb7 Qxb7 24. Bd4 bxc3 25. bxc3 Qg2 26. Rf2 Ba3+ 27. Kd2 Qd5
28. Ke1 Qb7 29. Qxh4 Bb2 30. Qf4 Bxc3+ 31. Bxc3 Rxc3 32. g6 f6 33. exf6 gxf6
34. Qd4 Rxh3 35. Rxf6 Qh1+ 36. Kd2 Qg2+ 37. Kc1 Qg5+ 38. Kb1 Qxf6 39. Qa7 Qxg6+
40. Kc1 Rc8+ 41. Kd2 Qc2+ 42. Ke1 Rh1+ 43. Qg1+ Rxg1# 0-1

[Event "2. Jäklechemie Winter-Open"]
[Site "Nürnberg"]
[Date "2022.11.20"]
[Round "4.10"]
[White "Koellner, Ulrich"]
[Black "Perrard, Nicolas"]
[Result "1/2-1/2"]
[WhiteElo "1800"]
[BlackElo "1394"]
[PlyCount "44"]
[EventDate "2022.??.??"]
[WhiteTeam "SV 1920 Hofheim"]
[BlackTeam "Échiquier toulousain"]

1. d4 Nf6 2. c4 g6 3. Nc3 d5 4. cxd5 Nxd5 5. e4 Nxc3 6. bxc3 Bg7 7. Nf3 c5 8.
Rb1 Nc6 9. d5 Bxc3+ 10. Bd2 Bxd2+ 11. Qxd2 Nb8 12. Qc3 O-O 13. Qxc5 b6 14. Qe3
e6 15. Bc4 Ba6 16. Bxa6 Nxa6 17. dxe6 fxe6 18. O-O Nc5 19. Rfd1 Qc7 20. Rd4
Rad8 21. Rbd1 Rxd4 22. Rxd4 Qf4 1/2-1/2

[Event "2. JÃ¤klechemie Winter-Open"]
[Site "NÃ¼rnberg"]
[Date "2022.11.20"]
[Round "4.12"]
[White "RÃ¶ÃŸ, Jonas"]
[Black "Deider, Kevin"]
[Result "0-1"]
[WhiteElo "1491"]
[BlackElo "1792"]
[PlyCount "54"]
[EventDate "2022.??.??"]

1. e4 c5 2. d4 cxd4 3. c3 dxc3 4. Nxc3 e6 5. Nf3 Nc6 6. Bc4 a6 7. O-O b5 8. Bd5
Bb7 9. Bf4 Nge7 10. Rc1 Ng6 11. Bg3 Be7 12. Bxc6 dxc6 13. Qe2 O-O 14. e5 c5 15.
Nd2 Nh4 16. Nce4 c4 17. Bxh4 Bxh4 18. Nd6 Bd5 19. Rfd1 f5 20. Qe3 Bg5 21. Qc5
Bxd2 22. Rxd2 Qg5 23. f4 Qxf4 24. Rcd1 Qxe5 25. Qc7 Qe3+ 26. Kh1 Ra7 27. Qa5
Qc5 0-1

[Event "2. Jäklechemie Winter-Open"]
[Site "Nürnberg"]
[Date "2022.11.20"]
[Round "4.13"]
[White "Dreisch, Jürgen"]
[Black "Thürauf, Peter"]
[Result "0-1"]
[WhiteElo "1624"]
[BlackElo "1810"]
[PlyCount "48"]
[EventDate "2022.??.??"]
[WhiteTeam "SK Markt Schwaben"]
[BlackTeam "SC Schwarz-Weiß Nürnberg Süd e.V"]

1. e4 c5 2. Nf3 e6 3. d4 cxd4 4. c3 dxc3 5. Nxc3 Nc6 6. Bc4 d6 7. Qe2 Be7 8.
O-O Nf6 9. e5 dxe5 10. Nxe5 O-O 11. Nxc6 bxc6 12. Rd1 Qa5 13. Qf3 Bb7 14. Qg3
Rfd8 15. Bf4 Nh5 16. Qg4 Nxf4 17. Qxf4 Rxd1+ 18. Rxd1 Rd8 19. Re1 Bf6 20. b4
Qxb4 21. Rb1 Qxc3 22. Rxb7 Rd1+ 23. Bf1 Rxf1+ 24. Kxf1 Qd3+ 0-1

[Event "2. JÃ¤klechemie Winter-Open"]
[Site "NÃ¼rnberg"]
[Date "2022.11.20"]
[Round "4.14"]
[White "SchlÃ¶tterer, Hermann"]
[Black "Vallerry, Roland"]
[Result "1-0"]
[WhiteElo "1819"]
[BlackElo "1628"]
[PlyCount "79"]
[EventDate "2022.??.??"]

1. d4 d5 2. g3 c6 3. Bg2 Bf5 4. Nf3 Nf6 5. c4 e6 6. Nc3 Be7 7. O-O O-O 8. Nd2
Nbd7 9. e4 dxe4 10. Ndxe4 Nxe4 11. Nxe4 Nf6 12. Nc3 Qd7 13. h3 h6 14. Be3 Rfd8
15. Qb3 Qc7 16. Rac1 Qb6 17. Rfd1 Qxb3 18. axb3 Rd7 19. g4 Bh7 20. f4 Ne8 21.
d5 exd5 22. cxd5 c5 23. f5 Rad8 24. Ra1 a6 25. Na4 Nf6 26. Nb6 Rc7 27. Rac1 g6
28. fxg6 Bxg6 29. Bxh6 Be4 30. Bxe4 Nxe4 31. Rc4 Nd6 32. Rc2 Bf6 33. Bf4 Re7
34. Bxd6 Rxd6 35. Nc8 Red7 36. Nxd6 Rxd6 37. Rxc5 Bxb2 38. Kg2 Rd7 39. d6 Be5
40. Rxe5 1-0

[Event "2. JÃ¤klechemie Winter-Open"]
[Site "NÃ¼rnberg"]
[Date "2022.11.20"]
[Round "4.15"]
[White "Dreiseitel, Werner"]
[Black "Ratushnyi, Viktor"]
[Result "0-1"]
[WhiteElo "1590"]
[BlackElo "1552"]
[PlyCount "106"]
[EventDate "2022.??.??"]

1. d4 Nf6 2. Bf4 d5 3. c3 Bf5 4. e3 e6 5. Nf3 Bd6 6. Bg3 Bxg3 7. hxg3 Nbd7 8.
Nbd2 Qe7 9. Nh4 Ne4 10. Nxf5 exf5 11. Be2 Ndf6 12. g4 Nxd2 13. Kxd2 Ne4+ 14.
Ke1 fxg4 15. Bxg4 g6 16. Qe2 c6 17. Rh3 f5 18. Bf3 O-O-O 19. Bxe4 Qxe4 20. Qf3
Qc2 21. Qe2 Qe4 22. Qf3 Rde8 23. Qxe4 Rxe4 24. Kd2 Kd7 25. Rah1 h5 26. Rg3 Re6
27. Rgh3 Rhe8 28. f4 Ke7 29. Kd3 Kf7 30. Ke2 b5 31. a3 a5 32. b4 axb4 33. axb4
Ra8 34. g3 Ra2+ 35. Kd3 Re8 36. R3h2 Rea8 37. Rxa2 Rxa2 38. Rg1 Kf6 39. Rb1 Ke7
40. Rc1 Rg2 41. Ra1 Rxg3 42. Ra7+ Kd6 43. Rg7 Rg2 44. Rg8 Ke6 45. Rh8 Kd6 46.
Rd8+ Ke7 47. Rc8 Kd7 48. Rg8 h4 49. Rh8 Rh2 50. Rh6 h3 51. Rxg6 Rh1 52. Rh6 h2
53. Ke2 Ra1 0-1

[Event "2. JÃ¤klechemie Winter-Open"]
[Site "NÃ¼rnberg"]
[Date "2022.11.20"]
[Round "4.16"]
[White "Albayrak, Nese Pinar"]
[Black "Ronsin, Corentin"]
[Result "0-1"]
[WhiteElo "1725"]
[BlackElo "1466"]
[PlyCount "64"]
[EventDate "2022.??.??"]

1. e4 c5 2. Nf3 e6 3. d4 cxd4 4. Nxd4 Nf6 5. Nc3 Nc6 6. Be3 Bb4 7. Bd3 O-O 8.
O-O d5 9. Nxc6 bxc6 10. e5 Nd7 11. f4 Nc5 12. Bxc5 Bxc5+ 13. Kh1 Re8 14. Rf3 f5
15. Rh3 Qd7 16. Nb1 Bb7 17. Nd2 Bb6 18. Qh5 g6 19. Qe2 c5 20. c3 Re7 21. Bc2
Rg7 22. Nf3 Rd8 23. Ng5 Re8 24. a4 Bd8 25. Nf3 g5 26. fxg5 Bxg5 27. Nxg5 Rxg5
28. Rh5 Qg7 29. Rxg5 Qxg5 30. Qb5 Re7 31. Qxc5 d4 32. Rg1 Rg7 0-1

[Event "2. JÃ¤klechemie Winter-Open"]
[Site "NÃ¼rnberg"]
[Date "2022.11.20"]
[Round "4.17"]
[White "Margraf, Dieter"]
[Black "Albayrak, Berrak"]
[Result "0-1"]
[WhiteElo "1480"]
[BlackElo "1642"]
[PlyCount "102"]
[EventDate "2022.??.??"]

1. d4 Nf6 2. Bf4 g6 3. Nd2 d6 4. e4 Bg7 5. c3 O-O 6. Ngf3 Nbd7 7. e5 Nh5 8. Bg3
Nxg3 9. hxg3 dxe5 10. dxe5 Nxe5 11. Nxe5 Bxe5 12. Nf3 Bg7 13. Qb3 e6 14. Rd1
Qe7 15. Bc4 b6 16. O-O Bb7 17. Rfe1 Rfd8 18. a4 Qc5 19. Qb5 Qxb5 20. Bxb5 a6
21. Bc4 Bf6 22. Bb3 Bd5 23. Bxd5 Rxd5 24. Rxd5 exd5 25. Nd4 Bxd4 26. cxd4 Kf8
27. f4 Re8 28. Kf1 Rxe1+ 29. Kxe1 Ke7 30. g4 h5 31. gxh5 gxh5 32. Ke2 Ke6 33.
Kf3 Kf5 34. b4 c6 35. g3 a5 36. bxa5 bxa5 37. Ke3 Kg4 38. Kf2 f5 39. Kg2 h4 40.
gxh4 Kxh4 41. Kf3 Kh3 42. Kf2 Kg4 43. Ke3 Kg3 44. Ke2 Kxf4 45. Kd3 Kf3 46. Kd2
Ke4 47. Kc3 f4 48. Kd2 f3 49. Ke1 Kxd4 50. Kf2 Ke4 51. Kg3 Ke3 0-1

[Event "2. Jäklechemie Winter-Open"]
[Site "Nürnberg"]
[Date "2022.11.20"]
[Round "4.18"]
[White "Gündel, Kay"]
[Black "Killmann, Reinmar"]
[Result "0-1"]
[WhiteElo "1327"]
[BlackElo "1674"]
[PlyCount "78"]
[EventDate "2022.??.??"]
[WhiteTeam "SC JÄKLECHEMIE Talente Franken e"]
[BlackTeam "SC JÄKLECHEMIE Talente Franken e"]

1. e4 d5 2. Nc3 d4 3. Nce2 e5 4. Nf3 Bd6 5. Ng3 Nf6 6. h3 O-O 7. Bc4 Nc6 8. a3
Na5 9. Ba2 c5 10. d3 h6 11. O-O Re8 12. c3 Nc6 13. Bd2 Be6 14. c4 a6 15. Nh4
Kh7 16. Nhf5 Bc7 17. Qc1 Ng8 18. a4 Ba5 19. Bxa5 Nxa5 20. Ne2 Qd7 21. b3 Bxf5
22. exf5 Qxf5 23. Qd2 Nc6 24. Ng3 Qe6 25. Rae1 Nf6 26. f4 Qd7 27. fxe5 Rxe5 28.
Rxe5 Nxe5 29. Bb1 Re8 30. Bc2 Nc6 31. Bd1 Qc7 32. Nh5 Nxh5 33. Bxh5 g6 34. Bf3
Ne5 35. Bd5 b6 36. Rf6 Re7 37. Be4 Kg7 38. Qf2 Nd7 39. Rc6 Qe5 {Zeit} 0-1

[Event "2. Jäklechemie Winter-Open"]
[Site "Nürnberg"]
[Date "2022.11.20"]
[Round "4.19"]
[White "Völk, Tobias"]
[Black "Albayrak, Melissa"]
[Result "1-0"]
[WhiteElo "1741"]
[BlackElo "1386"]
[PlyCount "33"]
[EventDate "2022.??.??"]
[WhiteTeam "SC JÄKLECHEMIE Talente Franken e"]
[BlackTeam "SC Noris-Tarrasch Nürnberg 1873"]

1. e4 e5 2. Nf3 Nc6 3. Nc3 Nf6 4. d4 exd4 5. Nxd4 Nxd4 6. Qxd4 d6 7. Bf4 Be7 8.
O-O-O O-O 9. f3 Be6 10. g4 h6 11. h4 Nh7 12. Qf2 Qc8 13. Nd5 Bxd5 14. Rxd5 Bf6
15. g5 c6 16. Rf5 g6 17. gxf6 1-0

[Event "2. Jäklechemie Winter-Open"]
[Site "Nürnberg"]
[Date "2022.11.20"]
[Round "4.20"]
[White "Mishra, Sanyukt"]
[Black "Ratushna, Olha"]
[Result "1-0"]
[WhiteElo "1559"]
[BlackElo "1204"]
[PlyCount "57"]
[EventDate "2022.??.??"]
[WhiteTeam "SC Noris-Tarrasch Nürnberg 1873"]
[BlackTeam "SC Schwarz-Weiß Nürnberg Süd e.V"]

1. e4 e5 2. Nf3 Nc6 3. d4 exd4 4. Nxd4 Nf6 5. Nxc6 dxc6 6. Qxd8+ Kxd8 7. Nc3
Bb4 8. f3 Re8 9. Bg5 h6 10. Bh4 g5 11. O-O-O+ Bd7 12. Bf2 Kc8 13. g4 a5 14. h4
a4 15. a3 Bxc3 16. bxc3 b5 17. hxg5 hxg5 18. Bd4 Re6 19. Rh8+ Kb7 20. Rxa8 Kxa8
21. Bxf6 Rxf6 22. Rxd7 Rxf3 23. Bd3 Kb7 24. Re7 Rg3 25. Rxf7 Rxg4 26. e5 Rg1+
27. Rf1 Rg3 28. Re1 Kc8 29. e6 1-0

[Event "2. Jäklechemie Winter-Open"]
[Site "Nürnberg"]
[Date "2022.11.20"]
[Round "4.22"]
[White "Mankus, Siegfried"]
[Black "Öztürk, Dilara"]
[Result "0-1"]
[WhiteElo "1538"]
[BlackElo "1445"]
[PlyCount "52"]
[EventDate "2022.??.??"]

1. d4 e5 2. dxe5 d6 3. exd6 Bxd6 4. e4 Nc6 5. Nc3 Nf6 6. Nf3 Bg4 7. h3 Bh5 8. Be2
Qe7 9. Bg5 O-O-O 10. Bd3 Ne5 11. g4 Bg6 12. Qe2 Nxd3+ 13. cxd3 h6 14. Bxf6 Qxf6
15. O-O Rhe8 16. Rfc1 Qe6 17. Rc2 c6 18. a4 h5 19. Nh2 Bxh2+ 20. Kxh2 Qe5+ 21. Kg2
hxg4 22. Qxg4+ Re6 23. Rd1 Bh5 24. Qg3 Rg6 25. Qxg6 fxg6 26. Rdd2 Qg5+ 0-1

[Event "2. JÃ¤klechemie Winter-Open"]
[Site "NÃ¼rnberg"]
[Date "2022.11.20"]
[Round "4.23"]
[White "Albayrak, Atilla"]
[Black "Nesmjanowitsch, Julia"]
[Result "1-0"]
[WhiteElo "1609"]
[BlackElo "1062"]
[PlyCount "99"]
[EventDate "2022.??.??"]

1. e4 e6 2. d4 d5 3. Nd2 c5 4. exd5 exd5 5. dxc5 Bxc5 6. Ngf3 Nf6 7. Bb5+ Bd7
8. Qe2+ Qe7 9. Qxe7+ Bxe7 10. Bxd7+ Nbxd7 11. O-O O-O 12. Nb3 Rfe8 13. Be3 Rac8
14. c3 Nc5 15. Nxc5 Bxc5 16. Bxc5 Rxc5 17. Nd4 a6 18. f3 Rc7 19. Rad1 Rce7 20.
Kf2 g6 21. Rfe1 Re5 22. Rxe5 Rxe5 23. Re1 Nd7 24. Rxe5 Nxe5 25. Ke2 Nc6 26.
Nxc6 bxc6 27. b4 Kf8 28. Kd3 Ke7 29. c4 Kd6 30. Kd4 dxc4 31. Kxc4 f6 32. f4 h5
33. h4 f5 34. a4 Kd7 35. Kc5 Kc7 36. a5 Kb7 37. Kd6 c5 38. bxc5 Kc8 39. Kc6 Kb8
40. Kd7 Kb7 41. c6+ Ka7 42. c7 g5 43. c8=Q g4 44. Qc5+ Ka8 45. Qxf5 g3 46. Qxh5
Kb7 47. Qg4 Ka7 48. Kc6 Kb8 49. Qd7 Ka8 50. Qb7# 1-0

[Event "2. Jäklechemie Winter-Open"]
[Site "Nürnberg"]
[Date "2022.11.20"]
[Round "4.25"]
[White "Ayhan, Elian"]
[Black "Dyroff, Roland"]
[Result "0-1"]
[WhiteElo "914"]
[BlackElo "1750"]
[PlyCount "44"]
[EventDate "2022.??.??"]
[WhiteTeam "BSG Wöhrlhaus Erlangen"]
[BlackTeam "SC Schwarz-Weiß Nürnberg Süd e.V"]

1. e4 c5 2. a3 Nc6 3. h4 g6 4. Nc3 Bg7 5. Bb5 Nd4 6. Nf3 Qa5 7. Bd3 a6 8. Nxd4
Bxd4 9. Nd5 e6 10. Nf4 Qc7 11. g3 b5 12. c3 Be5 13. Qf3 c4 14. Bc2 Bb7 15. d3
cxd3 16. Qxd3 Nf6 17. f3 d5 18. exd5 Nxd5 19. Nxd5 Bxg3+ 20. Kd1 Bxd5 21. Rg1
Rd8 22. Ke2 Bc4 0-1

[Event "2. JÃ¤klechemie Winter-Open"]
[Site "NÃ¼rnberg"]
[Date "2022.11.20"]
[Round "4.26"]
[White "Hartmann, Robert"]
[Black "Ratushnyi, Arthur"]
[Result "1-0"]
[WhiteElo "1278"]
[BlackElo "993"]
[PlyCount "88"]
[EventDate "2022.??.??"]

1. d4 d5 2. c4 dxc4 3. e3 Nf6 4. Bxc4 Nc6 5. Nc3 e6 6. Nf3 Bb4 7. O-O O-O 8. a3
Bxc3 9. bxc3 Re8 10. Qc2 e5 11. Rd1 exd4 12. Nxd4 Ng4 13. Nf3 Qe7 14. Be2 g6
15. Bb2 Bf5 16. Bd3 Bxd3 17. Qxd3 Nce5 18. Qe2 Nxf3+ 19. Qxf3 Ne5 20. Qe2 Rad8
21. Rd4 Rxd4 22. cxd4 Nd7 23. Rc1 c6 24. Qc2 Nf6 25. Qe2 Rd8 26. Qf3 Rd5 27.
Rc5 Rxc5 28. dxc5 Qe4 29. Qd1 Qd5 30. Qc1 Nd7 31. Bd4 f5 32. h3 f4 33. Qc3 Qf7
34. exf4 Qxf4 35. Be3 Qe5 36. Qb3+ Kg7 37. Qxb7 Qa1+ 38. Kh2 Qe5+ 39. g3 Qe6
40. Qxa7 Kf6 41. Qb7 Ne5 42. Bd4 Qd5 43. Bxe5+ Kxe5 44. Qb2+ Ke4 1-0